[Event "Astana Zhuldyzdary Open A"]
[Site "Astana KAZ"]
[Date "2023.07.15"]
[Round "6.3"]
[White "Aditya, Mittal"]
[Black "Zarubitski, Viachaslau"]
[Result "1-0"]
[WhiteTitle "GM"]
[BlackTitle "IM"]
[WhiteElo "2563"]
[BlackElo "2423"]
[WhiteFideId "35042025"]
[BlackFideId "13509373"]
[EventDate "2023.07.11"]

1. d4 d5 2. c4 c6 3. Nf3 Nf6 4. e3 Bf5 5. Nc3 a6 6. h3 h6 7. Qb3 Ra7 8. g4 Be6
9. cxd5 Bxd5 10. Nxd5 cxd5 11. Bd2 e6 12. Bd3 Bd6 13. Ke2 Nbd7 14. Rag1 Ne4 15.
Be1 b5 16. h4 Qa8 17. Ba5 Ke7 18. Rc1 Rc8 19. Rc2 Qb7 20. Rhc1 Raa8 21. Bxe4
dxe4 22. Nd2 Rxc2 23. Qxc2 f5 24. gxf5 exf5 25. Rg1 Kf8 26. Qb3 Nf6 27. Nc4 Be7
28. Ne5 Qd5 29. Ng6+ Kf7 30. Nxe7 Qxb3 31. axb3 Kxe7 32. Rxg7+ Ke6 33. Bb4 Nd5
34. Bc5 a5 35. Rb7 a4 36. Rxb5 a3 37. Bxa3 Rxa3 38. Rxd5 Rxb3 39. Ra5 Rxb2+ 40.
Kf1 Kf6 41. Ra6+ Kg7 42. h5 Rd2 43. Rg6+ Kf7 44. Rxh6 f4 45. Rg6 Rd3 46. Ke2 f3+
47. Ke1 Ra3 48. Rg4 Ra1+ 49. Kd2 Ra2+ 50. Kc3 Rxf2 51. Rxe4 Rf1 52. Rf4+ Ke6 53.
Kd3 1-0

[Event "Astana Zhuldyzdary Open A"]
[Site "Astana KAZ"]
[Date "2023.07.15"]
[Round "6.5"]
[White "Nikitenko, Mihail"]
[Black "Lobanov, Sergei"]
[Result "1/2-1/2"]
[WhiteTitle "GM"]
[BlackTitle "GM"]
[WhiteElo "2540"]
[BlackElo "2547"]
[WhiteFideId "13506862"]
[BlackFideId "24183750"]
[EventDate "2023.07.11"]

1. e4 e5 2. Nf3 Nc6 3. Bb5 a6 4. Ba4 Nf6 5. d3 b5 6. Bb3 Bc5 7. c3 d6 8. O-O h6
9. Nbd2 O-O 10. Re1 Bb6 11. Nf1 Ne7 12. Be3 Bxe3 13. Rxe3 Ng6 14. h3 c5 15. Ng3
Qc7 16. Qd2 Be6 17. d4 Rad8 18. Bc2 d5 19. Nxe5 cxd4 20. cxd4 Nxe5 21. dxe5 Nxe4
22. Nxe4 dxe4 23. Qc3 Qxc3 24. bxc3 Rd2 25. Bb3 Rc8 26. Rxe4 Rxc3 27. Bxe6 fxe6
28. a4 Rdc2 1/2-1/2

[Event "Astana Zhuldyzdary Open A"]
[Site "Astana KAZ"]
[Date "2023.07.15"]
[Round "6.6"]
[White "Suleymenov, Alisher"]
[Black "Sargsyan, Shant"]
[Result "1-0"]
[WhiteTitle "IM"]
[BlackTitle "GM"]
[WhiteElo "2499"]
[BlackElo "2654"]
[WhiteFideId "13707833"]
[BlackFideId "13306766"]
[EventDate "2023.07.11"]

1. d4 d5 2. c4 e6 3. Nf3 Nf6 4. g3 Bb4+ 5. Bd2 a5 6. Bg2 O-O 7. Qc1 Be7 8. O-O
c6 9. Rd1 Nbd7 10. Bf4 a4 11. a3 h6 12. Qc2 Qa5 13. Nbd2 Nh5 14. Be3 Bd6 15.
Rac1 f5 16. Nf1 Nhf6 17. cxd5 cxd5 18. Bf4 Bxf4 19. gxf4 Ne4 20. Qc7 Qxc7 21.
Rxc7 Nd6 22. N1d2 Nb6 23. e3 Bd7 24. Ne5 Bb5 25. Bf1 Bxf1 26. Kxf1 Rac8 27. Rc5
g5 28. Ke2 Kg7 29. Rg1 Kf6 30. h4 g4 31. h5 Rg8 32. Rgc1 Rg7 33. Kd3 Rcg8 34.
Rc7 Ne8 35. Rxg7 Rxg7 36. Nf1 Nd6 37. Ng3 Nbc4 38. Kc3 b6 39. Rc2 Ra7 40. Nxc4
dxc4 41. Kb4 Ra5 42. Ne2 Ra8 43. Nc3 b5 44. d5 e5 45. Kc5 Rd8 46. Kc6 Ne4 47.
Kc7 Nxc3 48. Kxd8 Nxd5 49. fxe5+ Kxe5 50. Kd7 Ke4 51. Kd6 f4 52. exf4 Nxf4 53.
Kc6 Kf3 54. Kxb5 Nd3 55. Kxa4 Nxf2 56. Rxc4 g3 57. b4 Nd1 58. Rc1 Ke2 59. Rc6 g2
60. Rg6 Kf3 61. b5 Nf2 62. Rxg2 Kxg2 63. b6 Ne4 64. Kb5 1-0

[Event "Astana Zhuldyzdary Open A"]
[Site "Astana KAZ"]
[Date "2023.07.15"]
[Round "6.7"]
[White "Petrosyan, Manuel"]
[Black "Madaminov, Mukhiddin"]
[Result "0-1"]
[WhiteTitle "GM"]
[BlackTitle "IM"]
[WhiteElo "2627"]
[BlackElo "2471"]
[WhiteFideId "13300857"]
[BlackFideId "14210703"]
[EventDate "2023.07.11"]

1. Nf3 Nf6 2. c4 g6 3. Nc3 d5 4. cxd5 Nxd5 5. h4 Nxc3 6. bxc3 Bg7 7. h5 c5 8.
Qa4+ Nd7 9. g3 b6 10. d4 cxd4 11. cxd4 Bb7 12. Bh3 a6 13. Qb3 b5 14. Ng5 O-O 15.
hxg6 hxg6 16. Be6 Qe8 17. Bd5 Bxd5 18. Qxd5 Nf6 19. Qf3 Qd7 20. Rh4 Rac8 21. Ba3
Qd5 22. Ne4 Nxe4 23. Qxe4 Qc4 24. Qe3 b4 25. Bb2 Qc2 26. Qb3 Rfd8 27. Rc1 Qxb3
28. axb3 Rxc1+ 29. Bxc1 Bxd4 30. Bd2 a5 31. Re4 a4 32. bxa4 b3 33. Rxe7 Rb8 34.
Bc1 b2 35. Bxb2 Rxb2 36. e3 Bc3+ 37. Kf1 Ra2 38. Re4 Kg7 39. Rc4 Ba5 40. Rd4 Kf6
41. Rc4 Ke6 42. Rc6+ Kd7 43. Rc4 f6 44. Rg4 g5 45. Rc4 Kd6 46. Rd4+ Ke5 47. Rc4
Bb6 48. Rc6 Ba7 49. Ra6 Bb8 50. Rb6 Bd6 51. Rb5+ Ke4 52. Ra5 Be5 53. Kg2 Bc3 54.
Ra6 f5 55. Re6+ Kd5 56. Rg6 g4 57. Kf1 Ke4 58. Rg5 Bb4 59. Rh5 f4 60. exf4 Kf3
61. Kg1 Be1 0-1

[Event "Astana Zhuldyzdary Open A"]
[Site "Astana KAZ"]
[Date "2023.07.15"]
[Round "6.8"]
[White "Abdisalimov, Abdimalik"]
[Black "Rakhmanov, Aleksandr"]
[Result "1/2-1/2"]
[WhiteTitle "IM"]
[BlackTitle "GM"]
[WhiteElo "2451"]
[BlackElo "2620"]
[WhiteFideId "14206323"]
[BlackFideId "4173708"]
[EventDate "2023.07.11"]

1. d4 d5 2. Nf3 e6 3. c4 a6 4. cxd5 exd5 5. Nc3 h6 6. Bf4 Nf6 7. e3 Bd6 8. Be5
c6 9. Bd3 O-O 10. O-O Re8 11. h3 1/2-1/2

[Event "Astana Zhuldyzdary Open A"]
[Site "Astana KAZ"]
[Date "2023.07.15"]
[Round "6.10"]
[White "Igambergenov, Alibek"]
[Black "Sethuraman, S.P."]
[Result "1-0"]
[WhiteTitle "IM"]
[BlackTitle "GM"]
[WhiteElo "2420"]
[BlackElo "2602"]
[WhiteFideId "13703404"]
[BlackFideId "5021596"]
[EventDate "2023.07.11"]

1. d4 Nf6 2. c4 e6 3. Nf3 d5 4. Nc3 Bb4 5. e3 O-O 6. Bd2 b6 7. Rc1 Ba6 8. Qa4 c5
9. a3 Bxc3 10. Bxc3 Ne4 11. Bd3 Nxc3 12. bxc3 Bxc4 13. Bxc4 dxc4 14. Qxc4 Nd7
15. O-O Rc8 16. Qa6 Qc7 17. c4 cxd4 18. exd4 Rfd8 19. a4 h6 20. h3 Nf6 21. a5
bxa5 22. c5 Nd5 23. Ra1 Nf4 24. Rfe1 Qe7 25. Rxa5 Qf6 26. Qb7 Rb8 27. Qe4 Rb3
28. Re3 Rxe3 29. fxe3 Ne2+ 30. Kf2 Nc3 31. Qd3 Nd5 32. Rxa7 Rb8 33. c6 Rc8 34.
Qa6 Qd8 35. Qb7 Nc7 36. Ne5 Kh7 37. Kg1 f5 38. Nf7 Qf8 39. Nd6 Rd8 40. Qxc7 Rxd6
41. Ra8 Qxa8 42. Qxd6 Qa2 43. c7 Qc4 44. Qc5 Qd3 45. Qc1 1-0

[Event "Astana Zhuldyzdary Open A"]
[Site "Astana KAZ"]
[Date "2023.07.15"]
[Round "6.11"]
[White "Gan-Erdene, Sugar"]
[Black "Bernadskiy, Vitaliy"]
[Result "0-1"]
[WhiteTitle "IM"]
[BlackTitle "GM"]
[WhiteElo "2418"]
[BlackElo "2545"]
[WhiteFideId "4902980"]
[BlackFideId "14100371"]
[EventDate "2023.07.11"]

1. d4 e6 2. c4 b6 3. a3 Nf6 4. Nc3 Bb7 5. Nf3 g6 6. Bg5 Bg7 7. e3 d6 8. Be2 Nbd7
9. h3 h6 10. Bf4 O-O 11. O-O Ne4 12. Nxe4 Bxe4 13. Bh2 a5 14. Nd2 Bb7 15. Bf3
Bxf3 16. Nxf3 a4 17. Qc2 Ra5 18. Rac1 Qa8 19. Nd2 e5 20. Nf3 Re8 21. Rfd1 Nf6
22. dxe5 dxe5 23. Ne1 Ne4 24. Nd3 Nc5 25. Nxc5 Rxc5 26. Rd5 Rxd5 27. cxd5 Qxd5
28. Qxa4 Rd8 29. Bg3 c5 30. Qb5 Qd2 31. Rf1 Qd6 32. b4 cxb4 33. axb4 Rc8 34. Rb1
Kh7 35. Qe2 Rc3 36. b5 Qc5 37. Kh1 h5 38. e4 Bf6 39. h4 Qe7 40. Qe1 Rc2 41. f3
Qc5 42. Qg1 Qe7 43. Qe1 g5 44. hxg5 Bxg5 45. Bf2 Qf6 46. Be3 Bxe3 0-1

[Event "Astana Zhuldyzdary Open A"]
[Site "Astana KAZ"]
[Date "2023.07.15"]
[Round "6.12"]
[White "Zhalmakhanov, Ramazan"]
[Black "Goganov, Aleksey"]
[Result "1/2-1/2"]
[WhiteTitle "IM"]
[BlackTitle "GM"]
[WhiteElo "2413"]
[BlackElo "2531"]
[WhiteFideId "13706357"]
[BlackFideId "24109959"]
[EventDate "2023.07.11"]

1. e4 e5 2. Nf3 Nc6 3. Bb5 a6 4. Ba4 Nf6 5. O-O Be7 6. Re1 b5 7. Bb3 O-O 8. a4
Bb7 9. d3 d6 10. Nc3 Na5 11. Ba2 b4 12. Ne2 c5 13. Ng3 Bc8 14. h3 Rb8 15. Bd2
Qc7 16. Qe2 Be6 17. Nf5 Bxa2 18. Rxa2 g6 19. Ne3 b3 20. Bxa5 Qxa5 21. cxb3 Rxb3
22. Nd2 Rb4 23. Ndc4 1/2-1/2

[Event "Astana Zhuldyzdary Open A"]
[Site "Astana KAZ"]
[Date "2023.07.15"]
[Round "6.13"]
[White "Harutyunyan, Tigran K."]
[Black "Ansat, Aldiyar"]
[Result "0-1"]
[WhiteTitle "GM"]
[BlackTitle "IM"]
[WhiteElo "2526"]
[BlackElo "2400"]
[WhiteFideId "13303635"]
[BlackFideId "13715658"]
[EventDate "2023.07.11"]

1. Nf3 Nf6 2. c4 c5 3. Nc3 d5 4. cxd5 Nxd5 5. d4 Nxc3 6. bxc3 g6 7. e3 Bg7 8.
Bb5+ Bd7 9. Be2 cxd4 10. cxd4 Qa5+ 11. Bd2 Qd5 12. O-O O-O 13. Qb1 Bf5 14. Qb4
Bf6 15. Rfc1 Be4 16. Rc5 Qd6 17. Rac1 Na6 18. Bxa6 Qxa6 19. a4 b6 20. Rc7 Bxf3
21. gxf3 Qe2 22. Kg2 Rfd8 23. Re1 Qd3 24. f4 Rac8 25. Qc3 Qxc3 26. Rxc3 Rxc3 27.
Bxc3 Rc8 28. Bb4 a5 29. Bd2 Rc2 30. Rd1 e6 31. Be1 Kf8 32. Ra1 Ke8 33. Kf3 Rb2
34. Ke4 Rb3 35. h3 h5 36. Ra2 Bg7 37. Rd2 Rb1 38. Re2 Ra1 39. Kd3 Bf8 40. Bc3
Ra3 41. Rc2 Bb4 42. Kc4 Bxc3 43. Rxc3 Rxa4+ 44. Kb5 Rb4+ 45. Kc6 b5 46. Rc5 a4
47. Kd6 Kf8 48. Rc8+ Kg7 49. Ra8 Rb3 50. Ke7 a3 51. e4 b4 52. d5 exd5 53. e5 Rf3
54. Rf8 a2 0-1

[Event "Astana Zhuldyzdary Open A"]
[Site "Astana KAZ"]
[Date "2023.07.15"]
[Round "6.14"]
[White "Nogerbek, Kazybek"]
[Black "Tsaruk, Maksim"]
[Result "1/2-1/2"]
[WhiteTitle "IM"]
[BlackTitle "FM"]
[WhiteElo "2504"]
[BlackElo "2393"]
[WhiteFideId "13710427"]
[BlackFideId "13511173"]
[EventDate "2023.07.11"]

1. d4 f5 2. Bg5 h6 3. Bh4 g5 4. Bg3 Bg7 5. e3 c5 6. c3 Qb6 7. Nd2 cxd4 8. cxd4
Nf6 9. Bd3 d6 10. h4 Nc6 11. hxg5 hxg5 12. Rxh8+ Bxh8 13. Ngf3 Qxb2 14. Nxg5 Qc3
15. Bc4 Bd7 16. Bf7+ Kf8 17. Rc1 Qa5 18. Be6 Bxe6 19. Nxe6+ Kf7 20. Qb3 Qd5 21.
Qxb7 Ne5 22. Qb1 Qxe6 23. dxe5 dxe5 24. Nf3 Ne4 25. Qxe4 fxe4 26. Ng5+ Kf6 27.
Nxe6 Kxe6 28. Rc6+ Kd5 29. Ra6 Bf6 30. Kd2 Kc5 31. Ra4 Kd5 32. Ra5+ Kd6 33. Ke2
Ke6 34. f3 Rg8 35. Kf2 exf3 36. gxf3 Rb8 37. Ke2 Rb7 38. Kd3 Rc7 39. Ra6+ Kd5
40. Ra5+ Ke6 41. Be1 Bg5 42. Ra6+ Kd7 43. Bg3 Bf6 44. Ke4 Rc4+ 45. Kd5 Rc3 46.
Rxa7+ Ke8 47. Ke6 Kf8 48. e4 Rxf3 49. Bh2 Rf2 50. Bg1 Re2 51. Ra4 Kg7 52. Bc5
Kg6 53. a3 Rc2 54. Bxe7 Bxe7 55. Kxe7 Kg5 56. Kd6 Kf4 57. Rb4 Rd2+ 58. Kc5 Rd8
59. a4 Ra8 60. Kc6 Ke3 61. Kb7 Rd8 62. Kb6 Rb8+ 63. Kc5 Ra8 64. Kd5 Kf4 65. Kc6
Rc8+ 66. Kd7 Ra8 67. Kc7 Ra6 68. Rc4 Ra8 69. Kb7 Rd8 70. Kb6 Rb8+ 71. Kc5 Rc8+
72. Kb4 Rb8+ 73. Kc5 Rc8+ 74. Kb5 Rb8+ 75. Ka6 Ra8+ 76. Kb6 Rb8+ 77. Kc7 Ra8 78.
Rb4 Ra6 79. Kb7 Rd6 80. a5 Rd4 81. Rb1 Kxe4 82. a6 Ra4 83. a7 Kf3 84. Rf1+ Ke2
85. Rf6 Rxa7+ 86. Kxa7 e4 87. Kb6 e3 88. Kc5 Kd2 89. Rd6+ Kc2 90. Kd4 e2 91. Re6
Kd2 92. Rxe2+ Kxe2 93. Ke4 1/2-1/2

[Event "Astana Zhuldyzdary Open A"]
[Site "Astana KAZ"]
[Date "2023.07.15"]
[Round "6.15"]
[White "Niemann, Hans Moke"]
[Black "Kamalidenova, Meruert"]
[Result "1-0"]
[WhiteTitle "GM"]
[BlackTitle "WIM"]
[WhiteElo "2674"]
[BlackElo "2336"]
[WhiteFideId "2093596"]
[BlackFideId "13712802"]
[EventDate "2023.07.11"]

1. d4 Nf6 2. c4 g6 3. Nc3 Bg7 4. e4 d6 5. h3 O-O 6. Be3 Nbd7 7. Nge2 a6 8. Ng3
c6 9. a4 a5 10. f4 e5 11. fxe5 dxe5 12. d5 Ne8 13. Bd3 c5 14. Qd2 b6 15. Bg5 f6
16. Be3 Nb8 17. Nb5 Na6 18. O-O Nb4 19. Be2 Bd7 20. Bg4 Bxb5 21. axb5 Nd6 22.
Be6+ Kh8 23. Qe2 Ra7 24. h4 Re8 25. h5 Rxe6 26. dxe6 Qe7 27. h6 Bf8 28. Qf2 Ne8
29. Bg5 Kg8 30. Bxf6 Nxf6 31. Qxf6 Nc2 32. Rad1 Qxf6 33. Rxf6 Nd4 34. e7 Rxe7
35. Rxb6 Bxh6 36. Nf5 gxf5 37. Rxh6 f4 38. Kf2 Ne6 39. Rh5 Nd4 40. Rdh1 Nb3 41.
Rg5+ Kf8 42. Rhh5 Nc1 43. Kf3 Nd3 44. Rf5+ Kg7 45. Rhg5+ Kh6 46. b3 Rd7 47. Rg8
Rd6 48. Kg4 1-0

[Event "Astana Zhuldyzdary Open A"]
[Site "Astana KAZ"]
[Date "2023.07.15"]
[Round "6.16"]
[White "Zverev, Lev"]
[Black "Smirin, Ilia"]
[Result "1/2-1/2"]
[WhiteTitle "FM"]
[BlackTitle "GM"]
[WhiteElo "2319"]
[BlackElo "2595"]
[WhiteFideId "24250775"]
[BlackFideId "2801990"]
[EventDate "2023.07.11"]

1. e4 d6 2. d4 Nf6 3. Nc3 g6 4. Be3 c6 5. Qd2 b5 6. f3 Nbd7 7. Bd3 e5 8. a4 b4
9. Nce2 exd4 10. Nxd4 c5 11. Nde2 Ne5 12. Bb5+ Bd7 13. b3 d5 14. Bg5 Be7 15. Qf4
h6 16. Bxf6 Bxf6 17. Rd1 Bxb5 18. Rxd5 Bd7 19. Rxe5+ Be6 20. Rxc5 O-O 21. Nh3
Be7 22. Rc6 Rc8 23. Rxe6 fxe6 24. Qxh6 Rxc2 25. Qxg6+ Kh8 26. Qh6+ Kg8 27. Qg6+
Kh8 28. Qh6+ 1/2-1/2

[Event "Astana Zhuldyzdary Open A"]
[Site "Astana KAZ"]
[Date "2023.07.15"]
[Round "6.17"]
[White "Suleimen, Ergali"]
[Black "Kazhgaleyev, Murtas"]
[Result "1-0"]
[WhiteTitle "FM"]
[BlackTitle "GM"]
[WhiteElo "2296"]
[BlackElo "2503"]
[WhiteFideId "13724452"]
[BlackFideId "13700316"]
[EventDate "2023.07.11"]

1. e4 e5 2. Nf3 Nc6 3. Bb5 a6 4. Ba4 Nf6 5. O-O b5 6. Bb3 Bb7 7. Re1 Bc5 8. c3
d6 9. d4 Bb6 10. Be3 O-O 11. Nbd2 h6 12. h3 exd4 13. cxd4 Nb4 14. d5 c6 15. dxc6
Nxc6 16. Nf1 Na5 17. Ng3 Re8 18. Bxb6 Qxb6 19. Bc2 Rac8 20. Rc1 Nc4 21. b3 Ne5
22. Nd4 d5 23. exd5 Nxd5 24. Ndf5 Rcd8 25. Qd2 b4 26. Nh5 Nc3 27. Qf4 Ng6 28.
Nxh6+ gxh6 29. Qxh6 Qd4 30. Bxg6 fxg6 31. Qxg6+ Kf8 32. Qh6+ Kf7 33. Qh7+ Kf8
34. Qf5+ 1-0

[Event "Astana Zhuldyzdary Open A"]
[Site "Astana KAZ"]
[Date "2023.07.15"]
[Round "6.18"]
[White "Ohanyan, Emin"]
[Black "Kassimov, Baurzhan"]
[Result "1-0"]
[WhiteTitle "IM"]
[BlackTitle "IM"]
[WhiteElo "2489"]
[BlackElo "2304"]
[WhiteFideId "13312022"]
[BlackFideId "13704800"]
[EventDate "2023.07.11"]

1. d4 Nf6 2. c4 e6 3. Nf3 d5 4. Nc3 c6 5. Bg5 Be7 6. e3 h6 7. Bh4 Nbd7 8. Bd3
O-O 9. O-O Ne8 10. Bg3 Nd6 11. c5 Nf5 12. Bxf5 exf5 13. b4 Nf6 14. Nd2 Ne4 15.
Ndxe4 fxe4 16. a4 Bh4 17. Bd6 Be7 18. Be5 Bf6 19. Bxf6 Qxf6 20. Qh5 a6 21. b5
axb5 22. axb5 Bf5 23. b6 Rfe8 24. Ra7 Rab8 25. Ne2 g5 26. f4 Qg6 27. Ng3 Bd7 28.
fxg5 hxg5 29. h4 gxh4 30. Qxh4 Qg4 31. Qh2 Qg5 32. Nh5 Qxe3+ 33. Kh1 Bf5 34.
Rxb7 Rxb7 35. Nf6+ Kf8 36. Qh8+ Ke7 37. Qxe8+ Kxf6 1-0

[Event "Astana Zhuldyzdary Open A"]
[Site "Astana KAZ"]
[Date "2023.07.15"]
[Round "6.19"]
[White "Faizrakhmanov, Ramil"]
[Black "Ashraf, Artin"]
[Result "0-1"]
[WhiteTitle "IM"]
[BlackTitle "FM"]
[WhiteElo "2457"]
[BlackElo "2309"]
[WhiteFideId "24103209"]
[BlackFideId "22514805"]
[EventDate "2023.07.11"]

1. d4 Nf6 2. c4 e6 3. Nf3 d5 4. Nc3 h6 5. g3 Nc6 6. Bg2 Bd6 7. O-O O-O 8. b3 Re8
9. Bf4 Bxf4 10. gxf4 Ne7 11. e3 b6 12. cxd5 exd5 13. Ne5 c6 14. Rc1 Bf5 15. Ne2
Rc8 16. Ng3 Bh7 17. b4 Rc7 18. Qb3 Qd6 19. Rc3 h5 20. h4 Nf5 21. Rfc1 Nxg3 22.
fxg3 Rec8 23. Qa4 c5 24. bxc5 bxc5 25. dxc5 Rxc5 26. Qa3 Rxc3 27. Rxc3 Qe6 28.
Rxc8+ Qxc8 29. Qxa7 Qc1+ 30. Bf1 Bf5 31. a4 Qe1 32. Nf3 Qxg3+ 33. Bg2 Ng4 34.
Qc7 g6 35. Qa7 Qf2+ 36. Kh1 Be4 0-1

[Event "Astana Zhuldyzdary Open A"]
[Site "Astana KAZ"]
[Date "2023.07.15"]
[Round "6.20"]
[White "Loskutova, Viktoriya"]
[Black "Isanzhulov, Arystan"]
[Result "0-1"]
[WhiteTitle "WFM"]
[BlackTitle "FM"]
[WhiteElo "2185"]
[BlackElo "2422"]
[WhiteFideId "34166278"]
[BlackFideId "13711644"]
[EventDate "2023.07.11"]

1. e4 c5 2. Nf3 e6 3. d4 cxd4 4. Nxd4 a6 5. a3 b5 6. c4 Bb7 7. Nc3 b4 8. axb4
Bxb4 9. Bd2 Ne7 10. Nc2 Bd6 11. Be3 Bc7 12. Be2 f5 13. exf5 Nxf5 14. Bh5+ g6 15.
Bf3 Nxe3 16. Nxe3 Nc6 17. Ne4 Ne5 18. Nd6+ Bxd6 19. Bxb7 Bb4+ 20. Kf1 Rb8 21.
Be4 O-O 22. Qc2 Qb6 23. Nd1 Bc5 24. f3 Bd4 25. h4 Rbc8 26. Qe2 Qb4 27. g3 Nxf3
28. Kg2 Nd2 0-1

[Event "Astana Zhuldyzdary Open A"]
[Site "Astana KAZ"]
[Date "2023.07.15"]
[Round "6.21"]
[White "Stribuk, Artiom"]
[Black "Tokbayev, Anuar"]
[Result "1-0"]
[WhiteTitle "FM"]
[WhiteElo "2408"]
[BlackElo "1809"]
[WhiteFideId "13515659"]
[BlackFideId "13724703"]
[EventDate "2023.07.11"]

1. d4 d5 2. c4 e6 3. Nf3 Nf6 4. Nc3 h6 5. Bf4 Bd6 6. Bxd6 Qxd6 7. c5 Qe7 8. e3
O-O 9. Be2 Nbd7 10. O-O a5 11. a3 c6 12. b4 e5 13. b5 e4 14. Nd2 Nh7 15. Qa4 Qe6
16. Rab1 f5 17. bxc6 bxc6 18. Nc4 Qf6 19. Nd6 Nb8 20. Rb6 Be6 21. Rxc6 Nxc6 22.
Qxc6 Ng5 23. Nxd5 Bxd5 24. Qxd5+ Kh7 25. h4 Ne6 26. Bc4 Nc7 27. Qc6 Ne8 28. Qxa8
Nxd6 29. Qd5 Nxc4 30. Qxc4 Qxh4 31. d5 Rf6 32. c6 Rg6 33. Rc1 Qg4 34. Qf1 f4 35.
c7 Qc8 36. exf4 h5 37. f5 Rh6 38. Qe2 h4 39. Qxe4 h3 40. g3 Rf6 41. Kh2 Kg8 42.
Qe5 1-0

[Event "Astana Zhuldyzdary Open A"]
[Site "Astana KAZ"]
[Date "2023.07.15"]
[Round "6.22"]
[White "Rakhimzhan, Alen"]
[Black "Kozganbay, Erkin"]
[Result "0-1"]
[WhiteTitle "FM"]
[WhiteElo "2154"]
[BlackElo "2337"]
[WhiteFideId "13707213"]
[BlackFideId "13703773"]
[EventDate "2023.07.11"]

1. d4 e6 2. c4 b6 3. Nc3 Bb7 4. Qc2 Bb4 5. a3 Bxc3+ 6. bxc3 f5 7. f3 Nf6 8. e3
c5 9. Bd3 Nc6 10. Ne2 Na5 11. O-O O-O 12. e4 fxe4 13. fxe4 Ng4 14. Bd2 Qh4 15.
h3 Nf2 16. Be1 Nxh3+ 17. gxh3 Rxf1+ 18. Kxf1 Qxh3+ 19. Kg1 Rf8 20. Ng3 Rf3 21.
d5 Rxg3+ 22. Bxg3 Qxg3+ 23. Kf1 Ba6 24. Qe2 Bxc4 25. Rd1 b5 26. dxe6 Bxe6 27.
Qf2 Qh3+ 28. Qg2 Qe3 29. Qf2 Qh3+ 30. Qg2 c4 31. Be2 Qxc3 32. Bg4 Qf6+ 33. Kg1
Nc6 34. e5 Qxe5 35. Bxe6+ Qxe6 36. Qd5 a5 37. Qxe6+ dxe6 38. Rd6 Ne5 39. Rb6
Nf3+ 40. Kf2 Nd4 0-1

[Event "Astana Zhuldyzdary Open A"]
[Site "Astana KAZ"]
[Date "2023.07.15"]
[Round "6.23"]
[White "Novik, Maxim"]
[Black "Doschanov, Zhaslan"]
[Result "1-0"]
[WhiteTitle "GM"]
[WhiteElo "2436"]
[BlackElo "2193"]
[WhiteFideId "4102924"]
[BlackFideId "13701207"]
[EventDate "2023.07.11"]

1. Nf3 d5 2. g3 Nf6 3. Bg2 e6 4. O-O Bd6 5. d3 O-O 6. Nbd2 e5 7. e4 dxe4 8. dxe4
Nc6 9. Re1 Be6 10. Qe2 Bc5 11. c3 a5 12. h3 Qc8 13. Kh2 a4 14. Ng5 Bd7 15. Nc4
h6 16. Nf3 Re8 17. Nh4 g5 18. Nf3 g4 19. Nh4 gxh3 20. Bf3 Kh7 21. Ne3 Ne7 22.
Qc4 Be6 23. Qxc5 Nc6 24. Nef5 1-0

[Event "Astana Zhuldyzdary Open A"]
[Site "Astana KAZ"]
[Date "2023.07.15"]
[Round "6.24"]
[White "Aitbayev, Aslan"]
[Black "Balmagambetov, Timur"]
[Result "1-0"]
[WhiteTitle "IM"]
[WhiteElo "2403"]
[BlackElo "2143"]
[WhiteFideId "13704613"]
[BlackFideId "13730258"]
[EventDate "2023.07.11"]

1. e4 c5 2. Nf3 e6 3. g3 d5 4. exd5 exd5 5. d4 Nf6 6. Bg2 Be7 7. O-O O-O 8. Nc3
Nc6 9. dxc5 Bxc5 10. a3 Re8 11. b4 d4 12. Ne2 Bb6 13. Bb2 Bg4 14. h3 Bxf3 15.
Bxf3 Qd7 16. Bg2 Rad8 17. Nf4 Ne5 18. Re1 Nc4 19. Bc1 Rxe1+ 20. Qxe1 d3 21. Nxd3
Re8 22. Qf1 Qd4 23. Bf4 h6 24. Re1 Rxe1 25. Qxe1 Nxa3 26. Be5 Qd8 27. Bxf6 Qxf6
28. Qe8+ Kh7 29. Bd5 Nxc2 30. Bxf7 Bxf2+ 31. Nxf2 Qa1+ 32. Kh2 1-0

[Event "Astana Zhuldyzdary Open A"]
[Site "Astana KAZ"]
[Date "2023.07.15"]
[Round "6.25"]
[White "Divya, Deshmukh"]
[Black "Bulatov, Ramil"]
[Result "1-0"]
[WhiteTitle "WGM"]
[WhiteElo "2400"]
[BlackElo "2132"]
[WhiteFideId "35006916"]
[BlackFideId "4166140"]
[EventDate "2023.07.11"]

1. e4 e6 2. d4 d5 3. Nc3 Nf6 4. Bg5 dxe4 5. Nxe4 Be7 6. Nxf6+ Bxf6 7. Bxf6 Qxf6
8. Nf3 O-O 9. Qd3 c5 10. O-O-O Nc6 11. dxc5 Rd8 12. Qe2 Rxd1+ 13. Qxd1 e5 14.
Bb5 Nd4 15. Nxd4 exd4 16. Re1 Be6 17. Qf3 Qg5+ 18. Kb1 Qxc5 19. Qxb7 Rc8 20. Bd3
g6 21. g3 Rc7 22. Qb8+ Kg7 23. Qb5 Qxb5 24. Bxb5 Bf5 25. Bd3 Bxd3 26. cxd3 f5
27. f4 g5 28. Re6 g4 29. a4 h5 30. a5 h4 31. gxh4 Kf7 32. Rh6 Kg7 33. Ra6 Re7
34. Ka2 Kf7 35. h5 Ke8 36. Ka3 Re3 37. Rxa7 Rxd3+ 38. Ka2 Rh3 39. a6 d3 40. Rb7 1-0

[Event "Astana Zhuldyzdary Open A"]
[Site "Astana KAZ"]
[Date "2023.07.15"]
[Round "6.26"]
[White "Kazakov, Konstantin"]
[Black "Mazhkenov, Alisher"]
[Result "1-0"]
[WhiteTitle "IM"]
[WhiteElo "2389"]
[BlackElo "2119"]
[WhiteFideId "13700898"]
[BlackFideId "13718983"]
[EventDate "2023.07.11"]

1. d4 Nf6 2. Bf4 g6 3. Nf3 Bg7 4. e3 O-O 5. Be2 d6 6. O-O Nfd7 7. h3 e5 8. Bh2
e4 9. Nfd2 f5 10. c4 Qe7 11. Nc3 Nf6 12. b4 g5 13. Rc1 Be6 14. Nb3 Nbd7 15. d5
Bf7 16. Nd4 Bg6 17. Ne6 Rfc8 18. Nb5 Ne8 19. Nxg7 Nxg7 20. c5 Ne8 21. Qd4 Qg7
22. Qxg7+ Kxg7 23. cxd6 cxd6 24. Nxd6 Nxd6 25. Bxd6 Bf7 26. Bb5 Nb6 27. Be5+ Kg6
28. d6 a6 29. Rxc8 Nxc8 30. d7 Ne7 31. Rd1 axb5 32. d8=Q Rxd8 33. Rxd8 Bxa2 34.
Rd7 Nd5 35. Rg7+ Kh6 36. Rxb7 Bc4 37. Bd6 f4 38. Bc5 Kg6 39. Rb8 h5 40. Re8 Nf6
41. Re5 Bd3 42. Be7 Nh7 43. Kh2 fxe3 44. fxe3 h4 45. Bd8 Bc2 46. Rxb5 1-0

[Event "Astana Zhuldyzdary Open A"]
[Site "Astana KAZ"]
[Date "2023.07.15"]
[Round "6.27"]
[White "Ibadov, Dashgyn"]
[Black "Irgaliyev, Alikhan"]
[Result "1/2-1/2"]
[WhiteTitle "IM"]
[WhiteElo "2372"]
[BlackElo "2082"]
[WhiteFideId "24107514"]
[BlackFideId "13705610"]
[EventDate "2023.07.11"]

1. e4 c5 2. Nf3 e6 3. g3 Nf6 4. e5 Nd5 5. Nc3 Nc6 6. Bg2 Nxc3 7. dxc3 b6 8. Bf4
Ba6 9. Qd2 h6 10. h4 Bc4 11. b3 Bd5 12. c4 Bxf3 13. Bxf3 Qc7 14. O-O-O O-O-O 15.
Qe3 f6 16. exf6 e5 17. Bxc6 exf4 18. Bxd7+ Rxd7 19. Qe4 Bd6 20. fxg7 Rxg7 21.
Qa8+ Qb8 22. Qc6+ Bc7 23. Rhe1 fxg3 24. fxg3 Rgg8 25. Re7 Rd8 26. Rxc7+ 1/2-1/2